[Event "YUG Cup1"]
[Site "Yugoslavia"]
[Date "2002.05.18"]
[Round "6"]
[White "Nagrocka, Ewa"]
[Black "Benderac, Srdjan"]
[Result "0-1"]
[WhiteElo "2434"]
[BlackElo "2345"]
[PlyCount "96"]
[EventDate "2002.05.??"]
[EventType "swiss"]
[EventRounds "7"]
[EventCountry "YUG"]
[SourceTitle "EXT 2006"]
[Source "ChessBase"]
[SourceDate "2005.11.24"]
[SourceVersion "1"]
[SourceVersionDate "2005.11.24"]
[SourceQuality "1"]

1. e4 c5 2. Nf3 d6 3. d4 cxd4 4. Nxd4 Nf6 5. Nc3 a6 6. Be3 e5 7. Nb3 Be6 8. Qd2 Nbd7 9. f3 Be7 10. 0-0-0 0-0 11. g4 b5 12. g5 b4 13. Ne2 Ne8 14. Kb1 a5 15. Nbc1 Nc7 16. f4 exf4 17. Bxf4 Nc5 18. Bg2 Nb5 19. h4 Rb8 20. Ka1 a4 21. Qxb4 d5 22. Qd2 dxe4 23. Bxb8 Qxb8 24. a3 Qb6 25. Na2 e3 26. Qc1 Bg4 27. Rde1 Rc8 28. Nec3 Nd4 29. Kb1 Bf5 30. Nb4 Ncb3 31. Qxe3 Bxb4 32. axb4 Bxc2+ 33. Ka2 Rf8 34. Nd5 Qb5 35. Qc3 Bd3 36. Nc7 Qf5 37. Rd1 Bc2 38. Rxd4 Nxd4 39. Qxd4 Bb3+ 40. Ka3 Qc2 41. Nd5 Qxg2 42. Ne7+ Kh8 43. Nf5 f6 44. Qd6 Kg8 45. Rc1 Qf3 46. Ne7+ Kf7 47. gxf6 Be6+ 48. Rc3 Qf1 0-1

[Event "YUG Cup1"]
[Site "Yugoslavia"]
[Date "2002.05.16"]
[Round "4"]
[White "Saric, Sinisa"]
[Black "Nagrocka, Ewa"]
[Result "0-1"]
[WhiteElo "2214"]
[BlackElo "2434"]
[PlyCount "74"]
[EventDate "2002.05.??"]
[EventType "swiss"]
[EventRounds "7"]
[EventCountry "YUG"]
[SourceTitle "EXT 2006"]
[Source "ChessBase"]
[SourceDate "2005.11.24"]
[SourceVersion "1"]
[SourceVersionDate "2005.11.24"]
[SourceQuality "1"]

1. d4 Nf6 2. c4 g6 3. Nc3 Bg7 4. e4 d6 5. Nf3 0-0 6. Be2 e5 7. Be3 Ng4 8. Bg5 f6 9. Bc1 Nc6 10. d5 Ne7 11. h3 Nh6 12. h4 Ng4 13. h5 f5 14. hxg6 hxg6 15. Ng5 Nf6 16. Bd2 c6 17. dxc6 bxc6 18. Qc2 Rb8 19. 0-0-0 c5 20. Be3 Nc6 21. Bxc5 Nd4 22. Bxd4 exd4 23. Nb5 Ng4 24. f4 Ne3 25. Qd3 fxe4 26. Nxe4 Nxd1 27. Bxd1 Rxf4 28. g3 Rf8 29. Nbxd6 Be6 30. c5 Qe7 31. g4 Be5 32. Bb3 Kg7 33. Nc4 Bxg4 34. Rg1 Rf3 35. Qc2 Bf5 36. Ncd2 Bf4 37. Qd1 Qxe4 0-1

[Event "Ischia op"]
[Site "Ischia"]
[Date "1994.??.??"]
[Round "?"]
[White "Mikhalchishin, Adrian"]
[Black "Nagrocka, Ewa"]
[Result "1-0"]
[WhiteElo "2530"]
[BlackElo "2140"]
[PlyCount "71"]
[EventDate "1994.??.??"]
[EventType "swiss"]
[EventRounds "9"]
[EventCountry "ITA"]
[SourceTitle "EXT 1998"]
[Source "ChessBase"]
[SourceDate "1997.11.17"]
[SourceVersion "1"]
[SourceVersionDate "1997.11.17"]
[SourceQuality "1"]

1. d4 b6 2. c4 e6 3. Nf3 Bb7 4. g3 Bxf3 5. exf3 c6 6. Nc3 g6 7. d5 Bg7 8. Bg2 Ne7 9. 0-0 0-0 10. f4 Nf5 11. Be3 exd5 12. cxd5 c5 13. Bh3 d6 14. Bxf5 gxf5 15. Qd3 Qf6 16. Rae1 a6 17. Bc1 Nd7 18. Nd1 Rae8 19. Qxa6 Qd4 20. Ne3 Rxe3 21. Rxe3 Qxd5 22. Qb5 Nf6 23. Rd3 Qxa2 24. Rxd6 Ne4 25. Rxb6 Bd4 26. Kg2 Qd5 27. f3 Nd6 28. Qa4 Re8 29. Qc2 Nc4 30. Ra6 Bxb2 31. Ra4 Bxc1 32. Qxc4 Qd2+ 33. Rf2 Qd1 34. Ra7 Re6 35. Ra8+ Kg7 36. Qxc5 1-0

[Event "Ischia op"]
[Site "Ischia"]
[Date "1994.??.??"]
[Round "?"]
[White "Nagrocka, Ewa"]
[Black "Ciampi, Vincenzo"]
[Result "1-0"]
[WhiteElo "2140"]
[BlackElo "2180"]
[PlyCount "70"]
[EventDate "1994.??.??"]
[EventType "swiss"]
[EventRounds "9"]
[EventCountry "ITA"]
[SourceTitle "EXT 1998"]
[Source "ChessBase"]
[SourceDate "1997.11.17"]
[SourceVersion "1"]
[SourceVersionDate "1997.11.17"]
[SourceQuality "1"]

1. d4 Nf6 2. Nf3 g6 3. Bg5 Bg7 4. c3 d5 5. Nbd2 Nbd7 6. e3 b6 7. Bd3 Bb7 8. Qc2 c5 9. Bxf6 Bxf6 10. Bb5 0-0 11. h4 a6 12. Bxd7 Qxd7 13. h5 Rac8 14. hxg6 fxg6 15. 0-0-0 c4 16. Rh3 Qf5 17. Qxf5 gxf5 18. Rdh1 Rf7 19. Ne5 Bxe5 20. dxe5 Rg7 21. Nf3 d4 22. exd4 Rxg2 23. Rxh7 Rg7 24. Rh8+ Kf7 25. e6+ Kxe6 26. Re1+ Kf6 27. Rh6+ Rg6 28. Re6+ Kxe6 29. Rxg6+ Kd7 30. Ne5+ Kc7 31. Nxc4 b5 32. Ne5 Rh8 33. Kd2 Rh1 34. Nd3 a5 35. Re6 Bc6 1-0

[Event "Ischia op"]
[Site "Ischia"]
[Date "1994.??.??"]
[Round "?"]
[White "Nagrocka, Ewa"]
[Black "Gabriel, Christian"]
[Result "0-1"]
[WhiteElo "2140"]
[BlackElo "2530"]
[PlyCount "72"]
[EventDate "1994.??.??"]
[EventType "swiss"]
[EventRounds "9"]
[EventCountry "ITA"]
[SourceTitle "EXT 1998"]
[Source "ChessBase"]
[SourceDate "1997.11.17"]
[SourceVersion "1"]
[SourceVersionDate "1997.11.17"]
[SourceQuality "1"]

1. d4 Nf6 2. Nf3 d5 3. Bg5 c5 4. Bxf6 gxf6 5. Nc3 Nc6 6. e3 cxd4 7. exd4 Bg4 8. Be2 e6 9. a3 Bxf3 10. Bxf3 Qb6 11. 0-0 Qxd4 12. Bxd5 exd5 13. Re1+ Be7 14. Qh5 Rg8 15. Nxd5 Rg5 16. Nxe7 Nxe7 17. Qxh7 f5 18. Rad1 Qg4 19. g3 Qh5 20. Qxh5 Rxh5 21. Rd3 Rd8 22. Rde3 Rd7 23. Re5 Kf8 24. f4 Rh6 25. R1e2 Re6 26. Rxe6 fxe6 27. Rxe6 Rd2 28. h4 Rxc2 29. h5 Kf7 30. Re5 Rxb2 31. h6 Rb6 32. Rc5 Rxh6 33. Rc7 Rb6 34. Kf2 Kf6 35. Ke2 Rb3 36. a4 Nd5 0-1

[Event "GER-ch op (Women)"]
[Site "Wuppertal"]
[Date "1994.??.??"]
[Round "?"]
[White "Nagrocka, Ewa"]
[Black "Safranska, Anda"]
[Result "1-0"]
[WhiteElo "2155"]
[BlackElo "2305"]
[PlyCount "55"]
[EventDate "1994.??.??"]
[EventType "swiss"]
[EventRounds "9"]
[EventCountry "GER"]
[SourceTitle "EXT 2004"]
[Source "ChessBase"]
[SourceDate "2003.11.25"]
[SourceVersion "1"]
[SourceVersionDate "2003.11.25"]
[SourceQuality "1"]

1. b3 e5 2. Bb2 Nc6 3. e3 d6 4. g3 g6 5. Bg2 Bg7 6. Ne2 h5 7. h3 Bf5 8. d3 Qc8 9. Nbc3 Nf6 10. Qd2 0-0 11. e4 Bd7 12. f4 Re8 13. 0-0-0 Rb8 14. f5 gxf5 15. Qg5 Ne7 16. Rdf1 Kh7 17. Kb1 Rg8 18. Bc1 Qf8 19. exf5 Bh8 20. Qh4 Nxf5 21. Be4 Qc8 22. g4 Nxe4 23. Qxh5+ Kg7 24. Nxe4 Kf8 25. gxf5 Bc6 26. Rhg1 Rxg1 27. Rxg1 Ke7 28. Bg5+ 1-0

[Event "BL2 SW 9394 (Women)"]
[Site "Germany"]
[Date "1993.??.??"]
[Round "?"]
[White "Daechert, Regina"]
[Black "Nagrocka, Ewa"]
[Result "1/2-1/2"]
[WhiteElo "2160"]
[BlackElo "2140"]
[PlyCount "77"]
[EventDate "1993.??.??"]
[EventType "team-tourn"]
[EventRounds "7"]
[EventCountry "GER"]
[SourceTitle "EXT 2002"]
[Source "ChessBase"]
[SourceDate "2001.11.25"]
[SourceVersion "1"]
[SourceVersionDate "2001.11.25"]
[SourceQuality "1"]

1. e4 e6 2. d4 d5 3. Nc3 Nf6 4. e5 Nfd7 5. f4 c5 6. Nf3 Nc6 7. Be3 cxd4 8. Nxd4 Bc5 9. Qd2 Bxd4 10. Bxd4 Nxd4 11. Qxd4 Qb6 12. Nb5 Qxd4 13. Nxd4 Ke7 14. Bb5 Nb6 15. b3 Bd7 16. Bd3 g6 17. a4 Rag8 18. g4 h5 19. g5 a6 20. Kd2 Rc8 21. Rhb1 Rc7 22. a5 Nc8 23. b4 Na7 24. b5 axb5 25. Nxb5 Bxb5 26. Bxb5 Nxb5 27. Rxb5 Ra8 28. Rab1 Ra7 29. R1b4 Kd7 30. Kd3 Kc8 31. c4 dxc4+ 32. Rxc4 Rxc4 33. Kxc4 b6 34. axb6 Ra2 35. Rc5+ Kb8 36. Rc7 Ra4+ 37. Kb5 Rxf4 38. Re7 Rf2 39. Re8+ 1/2-1/2

[Event "Dortmund op-A"]
[Site "Dortmund"]
[Date "1993.??.??"]
[Round "3"]
[White "Hedke, Fred"]
[Black "Nagrocka, Ewa"]
[Result "1-0"]
[WhiteElo "2320"]
[BlackElo "2160"]
[PlyCount "73"]
[EventDate "1993.04.??"]
[EventType "swiss"]
[EventRounds "11"]
[EventCountry "GER"]
[SourceTitle "TD"]
[Source "ChessBase"]
[SourceDate "1994.03.01"]
[SourceVersion "1"]
[SourceVersionDate "1994.03.01"]
[SourceQuality "1"]

1. e4 d5 2. exd5 Qxd5 3. Nc3 Qd6 4. d4 Nf6 5. Nf3 Bg4 6. Be2 c6 7. 0-0 Bxf3 8. Bxf3 e6 9. Ne4 Nxe4 10. Bxe4 Nd7 11. c3 Nf6 12. Bf3 Qc7 13. Qe2 Bd6 14. g3 h6 15. c4 0-0 16. b3 Rfe8 17. Be3 Rad8 18. Rfd1 Rd7 19. Rd3 Qd8 20. Rad1 a6 21. Qd2 Qe7 22. Qa5 Bc7 23. Qc3 Red8 24. b4 Qe8 25. a4 Bd6 26. Qb3 e5 27. dxe5 Bxe5 28. b5 axb5 29. cxb5 Rxd3 30. Rxd3 Rxd3 31. Qxd3 Qe6 32. a5 cxb5 33. Bxb7 Bc7 34. a6 Bb6 35. Bxb6 Qxb6 36. Qe3 Qc7 37. Bf3 1-0

[Event "Dortmund op-A"]
[Site "Dortmund"]
[Date "1993.??.??"]
[Round "4"]
[White "Nagrocka, Ewa"]
[Black "Boehle, Lars"]
[Result "0-1"]
[WhiteElo "2160"]
[BlackElo "2345"]
[PlyCount "98"]
[EventDate "1993.04.??"]
[EventType "swiss"]
[EventRounds "11"]
[EventCountry "GER"]
[SourceTitle "TD"]
[Source "ChessBase"]
[SourceDate "1994.03.01"]
[SourceVersion "1"]
[SourceVersionDate "1994.03.01"]
[SourceQuality "1"]

1. d4 Nf6 2. Nf3 g6 3. Bg5 Bg7 4. c3 d5 5. Nbd2 Nbd7 6. e3 0-0 7. Be2 c6 8. 0-0 Re8 9. h3 e5 10. Nh2 Qb6 11. Rb1 c5 12. dxe5 Nxe5 13. Bxf6 Bxf6 14. Ndf3 Bf5 15. Nxe5 Bxe5 16. Bd3 Be6 17. f4 c4 18. fxe5 Qxe3+ 19. Kh1 cxd3 20. Re1 Qf4 21. Qf3 Qxf3 22. Nxf3 Bf5 23. Rbd1 Re7 24. Re3 Rae8 25. Ne1 Rxe5 26. Rxe5 Rxe5 27. Nxd3 Re2 28. Nf4 Rxb2 29. Nxd5 Kg7 30. a4 Be4 31. Nf4 Rf2 32. Nd5 Rxg2 33. Rd4 Rg4+ 34. Kh2 Rg2+ 35. Kh1 Bxd5 36. Rxd5 Rg3 37. Rd7 b6 38. Kh2 Rxc3 39. Rxa7 Ra3 40. Ra6 h5 41. h4 f6 42. Ra7+ Kh6 43. Ra6 Rb3 44. a5 bxa5 45. Rxf6 Rb4 46. Kh3 Kg7 47. Ra6 a4 48. Kg3 Rg4+ 49. Kh3 Kf7 0-1

[Event "Dortmund op-A"]
[Site "Dortmund"]
[Date "1993.??.??"]
[Round "6"]
[White "Nagrocka, Ewa"]
[Black "Krojanski, Hans Georg"]
[Result "0-1"]
[WhiteElo "2160"]
[BlackElo "2310"]
[PlyCount "72"]
[EventDate "1993.04.??"]
[EventType "swiss"]
[EventRounds "11"]
[EventCountry "GER"]
[SourceTitle "TD"]
[Source "ChessBase"]
[SourceDate "1994.03.01"]
[SourceVersion "1"]
[SourceVersionDate "1994.03.01"]
[SourceQuality "1"]

1. d4 g6 2. c3 Bg7 3. Nf3 d6 4. Bg5 h6 5. Bh4 Nf6 6. Nbd2 0-0 7. e4 c5 8. dxc5 dxc5 9. Bc4 Nc6 10. 0-0 g5 11. Bg3 Nh5 12. Nxg5 Nxg3 13. Nxf7 Rxf7 14. Bxf7+ Kxf7 15. hxg3 Be6 16. f4 Kg8 17. e5 Qd3 18. g4 Rd8 19. Rf2 Qg3 20. f5 Nxe5 21. fxe6 Nxg4 22. Rf3 Qh2+ 23. Kf1 Qh1+ 24. Ke2 Qxg2+ 25. Ke1 Rxd2 26. Qxd2 Qxf3 27. Qd8+ Kh7 28. Kd2 Qf2+ 29. Kc1 Bf6 30. Qd3+ Kg7 31. b3 Ne5 32. Qc2 Qf1+ 33. Qd1 Bg5+ 34. Kb2 Nd3+ 35. Ka3 Qxd1 36. Rxd1 Bc1+ 0-1

[Event "Wisla BES op"]
[Site "Wisla"]
[Date "1992.??.??"]
[Round "8"]
[White "Janocha, Wieslaw Adam"]
[Black "Nagrocka, Ewa"]
[Result "1-0"]
[WhiteElo "2330"]
[BlackElo "2165"]
[PlyCount "61"]
[EventDate "1992.??.??"]
[EventType "swiss"]
[EventRounds "9"]
[EventCountry "POL"]
[SourceTitle "TD"]
[Source "ChessBase"]
[SourceDate "1994.03.01"]
[SourceVersion "1"]
[SourceVersionDate "1994.03.01"]
[SourceQuality "1"]

1. d4 e6 2. e4 d5 3. Nd2 Nf6 4. e5 Nfd7 5. f4 c5 6. c3 Nc6 7. Ndf3 cxd4 8. cxd4 Qb6 9. g3 Bb4+ 10. Kf2 g5 11. h3 f6 12. Be3 gxf4 13. gxf4 fxe5 14. fxe5 Rf8 15. Ne2 Be7 16. Qd2 Qd8 17. Rg1 Ndxe5 18. dxe5 Nxe5 19. Ned4 Bh4+ 20. Kg2 Ng6 21. Bb5+ Bd7 22. Nxe6 Rxf3 23. Nxd8 Rg3+ 24. Kf2 Rxh3+ 25. Kf1 Bxb5+ 26. Kg2 Rg3+ 27. Kh2 Rxg1 28. Rxg1 Rxd8 29. Qb4 Be2 30. Rxg6 d4 31. Rg8+ 1-0

[Event "BL2 SW 9192 (Women)"]
[Site "Germany"]
[Date "1992.??.??"]
[Round "?"]
[White "Nagrocka, Ewa"]
[Black "Horvath, Maria"]
[Result "1-0"]
[WhiteElo "2165"]
[BlackElo "2050"]
[PlyCount "99"]
[EventDate "1991.??.??"]
[EventType "team-tourn"]
[EventRounds "7"]
[EventCountry "GER"]
[SourceTitle "EXT 2002"]
[Source "ChessBase"]
[SourceDate "2001.11.25"]
[SourceVersion "1"]
[SourceVersionDate "2001.11.25"]
[SourceQuality "1"]

1. d4 e6 2. Nf3 f5 3. Bg5 Nf6 4. e3 b6 5. Nbd2 Bb7 6. Bc4 Be7 7. 0-0 Ne4 8. Bxe7 Qxe7 9. Nxe4 Bxe4 10. Nd2 0-0 11. Nxe4 fxe4 12. d5 c6 13. dxe6 d5 14. Bb3 Qxe6 15. Rc1 b5 16. Qd4 Kh8 17. a4 a6 18. Ra1 Nd7 19. c3 Rae8 20. axb5 axb5 21. Ra7 Ne5 22. Bd1 Qg6 23. Kh1 Rf6 24. f4 exf3 25. gxf3 Qf5 26. f4 Ng4 27. e4 Qh5 28. Bxg4 Qxg4 29. e5 Rg6 30. Qf2 Rf8 31. Rg1 Qf5 32. Rg3 Qb1+ 33. Kg2 Qe4+ 34. Kg1 Qb1+ 35. Kg2 Qe4+ 36. Kg1 Qb1+ 37. Qf1 Rxg3+ 38. hxg3 Qxb2 39. Qd3 Qc1+ 40. Kg2 Qb2+ 41. Kh3 Qf2 42. Rd7 Kg8 43. e6 Qe1 44. f5 Qh1+ 45. Kg4 g6 46. fxg6 h5+ 47. Kg5 Qc1+ 48. Kxh5 Qh1+ 49. Kg4 Qe1 50. Re7 1-0

[Event "Biel op (Women)"]
[Site "Biel"]
[Date "1991.??.??"]
[Round "2"]
[White "Foisor, Cristina Adela B"]
[Black "Nagrocka, Ewa"]
[Result "1/2-1/2"]
[WhiteElo "2305"]
[BlackElo "2165"]
[PlyCount "137"]
[EventDate "1991.07.??"]
[EventType "swiss"]
[EventRounds "9"]
[EventCountry "SUI"]
[SourceTitle "TD"]
[Source "ChessBase"]
[SourceDate "1994.03.01"]
[SourceVersion "1"]
[SourceVersionDate "1994.03.01"]
[SourceQuality "1"]

1. c4 b6 2. Nf3 Bb7 3. g3 Bxf3 4. exf3 e6 5. Bg2 c6 6. 0-0 g6 7. Nc3 Bg7 8. d4 d5 9. cxd5 cxd5 10. Qa4+ Qd7 11. Nb5 Kf8 12. b3 Ne7 13. Ba3 Bf6 14. Rac1 a6 15. Nc3 b5 16. Qb4 Nbc6 17. Qd6 Qxd6 18. Bxd6 Nxd4 19. Bxe7+ Kxe7 20. Rfe1 Kd6 21. Ne2 Rac8 22. Nxd4 Bxd4 23. f4 Bb2 24. Rxc8 Rxc8 25. Bf1 Ba3 26. Bd3 Rc3 27. Rd1 Kc5 28. Kf1 Kb4 29. Ke2 Bc1 30. Bb1 Ka3 31. Rd3 Rc7 32. b4+ Kxb4 33. Rb3+ Ka5 34. Kd1 b4 35. Bc2 Ba3 36. Rb1 Rc5 37. Kd2 f6 38. h4 e5 39. fxe5 fxe5 40. h5 e4 41. hxg6 hxg6 42. f3 e3+ 43. Kd1 g5 44. Bd3 d4 45. Ke2 Kb6 46. Rh1 a5 47. Rh6+ Kc7 48. f4 gxf4 49. gxf4 a4 50. Rh7+ Kd8 51. Rh8+ Ke7 52. Rh7+ Kf8 53. Rh8+ Kg7 54. Rh7+ Kg8 55. Rd7 Bb2 56. Rb7 Bc3 57. f5 Rc6 58. Be4 Rh6 59. Kd3 Kf8 60. Bd5 Ra6 61. Bc4 b3 62. axb3 axb3 63. Bxa6 b2 64. Rb8+ Ke7 65. f6+ Kxf6 66. Rf8+ Ke5 67. Rf1 b1Q+ 68. Rxb1 Ba1 69. Ke2 1/2-1/2

[Event "Dortmund op"]
[Site "Dortmund"]
[Date "1991.??.??"]
[Round "8"]
[White "Modr, Bretislav"]
[Black "Nagrocka, Ewa"]
[Result "1/2-1/2"]
[WhiteElo "2315"]
[BlackElo "2160"]
[PlyCount "69"]
[EventDate "1991.03.23"]
[EventType "swiss"]
[EventRounds "9"]
[EventCountry "GER"]
[SourceTitle "TD"]
[Source "ChessBase"]
[SourceDate "1994.03.01"]
[SourceVersion "1"]
[SourceVersionDate "1994.03.01"]
[SourceQuality "1"]

1. d4 e6 2. Nf3 b6 3. e4 Bb7 4. Bd3 Nf6 5. Qe2 c5 6. c3 cxd4 7. Nxd4 Be7 8. 0-0 0-0 9. Nd2 Nc6 10. f4 Bc5 11. N2f3 Bxd4+ 12. Nxd4 Nxd4 13. cxd4 d5 14. e5 Ne4 15. Be3 Rc8 16. f5 exf5 17. Rxf5 Rc6 18. Raf1 Rg6 19. R5f4 Bc8 20. Kh1 Be6 21. Bd2 Qd7 22. Qe1 Rc8 23. Be3 Qa4 24. Qb1 Qb4 25. Rc1 Rd8 26. Qc2 h6 27. Qe2 Qe7 28. Rc2 f6 29. exf6 Rxf6 30. Rxf6 Qxf6 31. Rc1 Qh4 32. Qe1 Qg4 33. Qe2 Qh4 34. Qe1 Qg4 35. Qe2 1/2-1/2

[Event "Wuppertal (Women)"]
[Site "Wuppertal"]
[Date "1990.??.??"]
[Round "9"]
[White "Fischdick, Gisela"]
[Black "Nagrocka, Ewa"]
[Result "1-0"]
[WhiteElo "2285"]
[BlackElo "2145"]
[PlyCount "57"]
[EventDate "1990.??.??"]
[EventType "tourn"]
[EventRounds "11"]
[EventCountry "GER"]
[SourceTitle "EXT 1997"]
[Source "ChessBase"]
[SourceDate "1996.11.15"]
[SourceVersion "1"]
[SourceVersionDate "1996.11.15"]
[SourceQuality "1"]

1. d4 b6 2. Nf3 Bb7 3. Bf4 e6 4. e3 f5 5. Bd3 Be7 6. h3 Nf6 7. g4 0-0 8. gxf5 exf5 9. Rg1 Ne4 10. Nbd2 c5 11. Bxe4 fxe4 12. Ng5 Rxf4 13. exf4 e3 14. fxe3 h6 15. Ngf3 Bh4+ 16. Kf1 cxd4 17. Nxd4 Bf6 18. Nf5 Ba6+ 19. Kf2 Bh4+ 20. Nxh4 Qxh4+ 21. Rg3 Nc6 22. Qg4 Qf6 23. Qg6 Qxb2 24. Rag1 Nb4 25. Qxg7+ Qxg7 26. Rxg7+ Kh8 27. Rxd7 Nxc2 28. Rgg7 Bd3 29. Rxa7 1-0

[Event "Wuppertal (Women)"]
[Site "Wuppertal"]
[Date "1990.??.??"]
[Round "10"]
[White "Gaprindashvili, Nona"]
[Black "Nagrocka, Ewa"]
[Result "1/2-1/2"]
[WhiteElo "2435"]
[BlackElo "2145"]
[PlyCount "24"]
[EventDate "1990.??.??"]
[EventType "tourn"]
[EventRounds "11"]
[EventCountry "GER"]
[SourceTitle "EXT 1997"]
[Source "ChessBase"]
[SourceDate "1996.11.15"]
[SourceVersion "1"]
[SourceVersionDate "1996.11.15"]
[SourceQuality "1"]

1. d4 e6 2. c4 b6 3. Nf3 Bb7 4. g3 f5 5. Bg2 Bb4+ 6. Bd2 Bxd2+ 7. Qxd2 Nf6 8. Nc3 0-0 9. 0-0 Re8 10. Rad1 Ne4 11. Qd3 Nxc3 12. Qxc3 Be4 1/2-1/2